| 000 | 01196nam a2200241Ia 4500 | ||
|---|---|---|---|
| 999 |
_c24773 _d24773 |
||
| 003 | OSt | ||
| 005 | 20201118123228.0 | ||
| 008 | 160316s2007 xxu||||| |||| 00| 0 eng d | ||
| 020 | _a9780421909908 | ||
| 040 | _cnls | ||
| 082 |
_a343.099450 _bSMI |
||
| 100 | _aSmith Graham J H | ||
| 245 | _aInternet law and regulation | ||
| 250 | _a4th | ||
| 260 |
_aLondon _bSweet & Maxwell _c2007 |
||
| 300 |
_a1296p _clxxix |
||
| 365 | _bRs. 16,009 | ||
| 505 | _a1. Overview of the Internet; 2. Copyright, Patents and Confidential Information; 3. Trade Marks and Domain Names; 4. Defamation; 5. Content Liability and Protection; 6. Enforcement and Cross-border Liability; 7. Data Protection; 8. Communications and Broadcasting Regulation; 9. Contracts between ISPs, Content Owners and Others; 10. Electronic Contracts and Transactions; 11. Payment Mechanisms for Internet Commerce; 12. Prohibited and Regulated Activities; 13. Tax; 14. Competition Law and the Internet; Technical Glossary; Index. | ||
| 650 | _a1. Internet Law - Regulation | ||
| 700 |
_aBird _aBird |
||
| 856 | _uhttps://westminster.rl.talis.com/items/B2EE6746-7F74-74F4-576F-6CB374CD1DBA.html | ||
| 942 |
_2ddc _cBK |
||